| 000 | 00600nam a22001817a 4500 | ||
|---|---|---|---|
| 003 | OSt | ||
| 005 | 20240706032310.0 | ||
| 008 | 240706b |||||||| |||| 00| 0 eng d | ||
| 020 | _a978-621-416-077-8 | ||
| 040 |
_aDWC- Main Lib _cOC |
||
| 082 | _aFil. 657.042 V172p 2019 | ||
| 100 | _aConrado T. Valix | ||
| 245 |
_aPractical financial accounting: _bvolume one. / _cConrado T. Valix & Christian Aris M. Valix . |
||
| 260 |
_a Manila, Philippines: _bGIC Enterprises & Co. Inc., _cc2019. |
||
| 300 |
_a774pages : _billustrations ; _c23cm. |
||
| 700 | _aChristian Aris M. Valix | ||
| 942 |
_2ddc _cBK - FIL _n1 |
||
| 999 |
_c2053 _d2053 |
||